Statistics for Cars by picture (Hard)

Click here to take the quiz!

General Stats

  • This quiz has been taken 369 times
    (364 since last reset)
  • The average score is 37 of 100

Answer Stats

Answer% Correct
Ford
98%
Toyota
98%
BMW
97%
Honda
97%
Audi
96%
Jeep
95%
Lamborghini
95%
Porsche
94%
Chevrolet
92%
Mazda
91%
Hyundai
90%
Volkswagen
89%
Dodge
88%
Kia
86%
Lexus
86%
Nissan
86%
Infiniti
85%
Rolls-Royce
83%
Range Rover
81%
Mitsubishi
79%
Peugeot
77%
Ferrari
75%
Maserati
75%
Subaru
75%
Tesla
75%
GMC
74%
Smart
74%
Mini
73%
Mercedes
71%
Jaguar
69%
Volvo
66%
Buick
62%
Cadillac
62%
Bentley
61%
Lotus
60%
Pontiac
54%
Alfa Romeo
52%
Saab
49%
Scion
45%
Chrysler
40%
Citroën
40%
Lincoln
40%
Fiat
39%
Polestar
38%
Genesis
36%
Opel
30%
Skoda
29%
Lancia
25%
Acura
24%
Saturn
22%
Holden
19%
Mercury
18%
Oldsmobile
18%
Hennessey
17%
Suzuki
16%
Noble
14%
Morgan
13%
Morris
13%
Karma
12%
Hudson
10%
Jensen
9%
Bugati
7%
Rinspeed
7%
Trabant
7%
Tatra
6%
Zagato
6%
Zender
6%
Lumma
5%
Daimler
4%
Lagonda
4%
Tucker
4%
Mosler
3%
Yenko
3%
Hamann
2%
Hartge
2%
Karmann
2%
NISMO
2%
Tommykaira
2%
YES!
2%
Dino
1%
Hafei
1%
Horch
1%
Jiotto
1%
Kurtis
1%
Laraki
1%
Lightning
1%
Lola
1%
Marmon
1%
Mirage
1%
Osca
1%
Osella
1%
Qvale
1%
Rezvani
1%
Riley
1%
Ruxton
1%
Tushek
1%
Zytek
1%
Lobini
0%
Luxgen
0%
Mooncraft
0%

Score Distribution

Percentile by Number Answered

Percent of People with Each Score

Your Score History

You have not taken this quiz since the last reset